000 01160nam a2200265 i 4500
001 171026
003 ES-MaACL
005 20230906214524.0
008 090422s1931 fr |||| | fre d
080 _a82(05)
245 0 4 _aLes oeuvres libres
_b: recueil littéraire mensuel ne publiant que de l'inédit.
260 _aParis :
_bA. Fayard et Cie,
_c1931.
300 _a381 p. ;
_c19 cm.
490 1 _aLes oeuvres libres ;
_v122
505 8 _aContiene: Les Crocs / Rachilde ; Les Aventures du roi Pausole / Albert Willemetz ; Deux mois à l'hôpital Saint-Antoine / Marie-Louise Epely ; Que votre volonté soit faite / V.-F. Calverton ; Une affaire scandaleuse au XVIIe siècle / Frédéric Boutet ; Paroles sans romance / Michel Zielinski.
700 1 _aRachilde (
_d1860-1953)
_994880
700 1 _aWillemetz, Albert.
_9116888
700 1 _aEpely, Marie Louise.
_9139904
700 1 _aCalverton, V. F.
_933804
700 1 _aBoutet, Frédéric.
_9139905
700 1 _aZielinski, Michel.
_9139906
830 0 _aLes oeuvres libres ;
_v122
_9223120
852 _aES-MaACL
_jE-12573
_z. - Biblioteca Jacinto Martínez Lacalle
999 _c171026
_d171026